00893nam a2200265Ia 4500003000900000008004100009020001800050040001600068080001300084100002500097245016800122250001200290260003800302300001000340490002800350500001500378650002400393650002100417650002800438650002200466700002500488942000700513999001700520952009000537IN-BaIIA211028s9999 xx 000 0 eng d a0-07-044816-7 cIIA Library a531bMCL aMclean, W. G.910560 0aSchaum's outline of theory and problems of engineering mechanicsbstatics and dynamicscW. G. Mclean and E. W. Nelson  a2nd ed. aNew YorkbSchaum Publishingc1962 a355p. aSchaum's outline series aXerox copy aCelestial mechanics aMechanice929808 aQuantum dynamics910561 aQuantum mechanics aNelson, E. W.929809 cBK c16110d16110 00104070aBANbBANcGENd2006-02-15l0o531/ MCLp17032r2021-11-05w2006-02-15yBK